000 00467nam a2200169Ia 4500
008 230917s9999||||xx |||||||||||||| ||und||
020 _cUSD110
040 _e228029
_aMAIN
041 _aEnglish
082 _a574.1 L515D
100 _aLee, Tom, ed.
245 0 _aDNA Replication: Procedures and Applications
260 _aNew York
_bCallisto Reference
_c2015
300 _avi, 233 p.
500 _a2098 28/09/2015 RBP15/47810 11/09/2015 Main Budget
942 _cBK
999 _c15885
_d15885